| 000 | 00447nam a2200157Ia 4500 | ||
|---|---|---|---|
| 008 | 210210b1999 xxu||||| |||| 00| 0 eng d | ||
| 020 | _a81 204 1273 7 | ||
| 082 | _a581.0724 CHOA | ||
| 100 | _aCHOPRA (V L) and others. | ||
| 245 | _aApplied plant biotechnology. | ||
| 260 |
_aNew Delhi. _bOxford & IBH Publishing Co, Pvt Ltd., _c1999 |
||
| 300 | _ax,384 | ||
| 650 | _aPlant Biotechnology | ||
| 690 | _aPlant Biotechnology | ||
| 906 | _aSG03884 | ||
| 999 |
_c114851 _d114851 |
||